Magický pojem - zdravie

Bibliographic Details
Main Authors: Krekáň, Ján (Author), Krekaň, Ján (Author)
Format: Article
Language:Slovak
Subjects:

MARC

LEADER 00000nab a2200000 a 4500
001 vtls000353922
003 SK-MaSNL
005 20260304231849.0
008 111201c1989 xo 0 slo
015 |a SNBRB19rr/mm-uuuuu 
035 |a CL0354044 
040 |a SNKBUCL  |b slo  |c SNKBUCL  |e AACR2 
041 0 |a slo 
044 |a xo  |c SK 
080 |a 36.08:351.77  |2 1981 
080 |a 351.77  |2 1981 
100 1 |a Krekáň, Ján  |4 aut  |9 940488 
245 1 0 |a Magický pojem - zdravie  |c Ján Krekáň ; Ján Krekaň 
650 0 7 |a zdravotníctvo  |2 snkbucl  |9 1269 
650 0 7 |a zdravotná starostlivosť  |2 snkbucl  |9 1303 
655 7 |a články z novín a časopisov  |2 snkbucl  |9 267496 
700 1 |a Krekaň, Ján  |4 aut  |9 940488 
773 0 |t Práca  |g Roč. 44, č. 135 (10. 6. 1989), s. 1 a 2 
850 |a Slovenská národná knižnica v Martine  |a MTA001 
852 |a SNK  |b KIS3GCP 
958 |a RK 
992 |a RBX 
999 |c 3190865  |d 3192795